000 00566nam a2200193 a 4500
005 20220905063542.0
008 991125s19711984mx 000 0 spa u
020 _a9684321317
035 _aUPN01000128664
049 _aCG
050 4 _aPQ8179 R5
_bV6.7a
100 1 _aRivera, José Eustasio,
_d1889-1928
245 1 3 _aLa voragine /
_cJosé Eustasio Rivera ; pról. Cristina Barros Stivalet.
260 _aMéxico :
_bPorrúa,
_c1971 (1984 impr.).
300 _a157 p.
440 0 _aSepan cuantos ;
_v172
650 0 _aNovela colombiana
_95359
905 _aLibro
999 _c100841
_d100841